[Event "Open Portugal 2019"]
[Site "Lisboa POR"]
[Date "2019.02.02"]
[Round "1.85"]
[White "Newrkla, Katharina"]
[Black "Fonseca, Pedro"]
[Result "1-0"]
[WhiteElo "2180"]
[BlackElo "1610"]
[WhiteFideId "1621629"]
[BlackFideId "1955624"]
[WhiteTitle "WIM"]
[WhiteCountry "AUT"]
[BlackCountry "POR"]
[PlyCount "97"]
[EventDate "2019.02.02"]

1. e4 e6 2. d3 d5 3. Qe2 dxe4 4. dxe4 b6 5. Nf3 Ba6 6. Qd2 Qxd2+ 7. Bxd2 Bxf1 8.
Rxf1 Nc6 9. Nc3 Nf6 10. O-O-O Bb4 11. Rfe1 Na5 12. Nb5 Bxd2+ 13. Rxd2 O-O 14.
Nxc7 Rad8 15. Nb5 Rxd2 16. Nxd2 Nc6 17. f3 Rd8 18. Nc4 Rd7 19. Rd1 Kf8 20. Rxd7
Nxd7 21. Kd2 Ke7 22. c3 a6 23. Nd4 Nce5 24. Nxe5 Nxe5 25. b3 Kd6 26. c4 Kc5 27.
Kc3 h5 28. b4+ Kd6 29. a4 g6 30. Nb3 h4 31. h3 g5 32. c5+ bxc5 33. Nxc5 Ng6 34.
Nd3 Kc6 35. Kd4 f6 36. Kc4 Nf8 37. b5+ axb5+ 38. axb5+ Kd6 39. Kb4 Nd7 40. Ka5
Kc7 41. Ka6 Nb6 42. Nc5 Nc4 43. Nxe6+ Kd6 44. Ng7 Kc7 45. Ne8+ Kc8 46. Nxf6 Ne3
47. b6 Kb8 48. b7 Nxg2 49. Kb6 1-0

[Event "Open Portugal 2019"]
[Site "Lisboa POR"]
[Date "2019.02.02"]
[Round "1.86"]
[White "Pereira, André Marques"]
[Black "Tscharotschkin, Michael"]
[Result "0-1"]
[WhiteElo "1604"]
[BlackElo "2178"]
[WhiteFideId "2116774"]
[BlackFideId "4619510"]
[WhiteCountry "POR"]
[BlackCountry "GER"]
[PlyCount "100"]
[EventDate "2019.02.02"]

1. d4 d5 2. Nf3 c6 3. g3 Bf5 4. Bg2 e6 5. O-O h6 6. Nbd2 Nf6 7. c4 Bd6 8. c5 Bc7
9. b4 O-O 10. Qb3 Nbd7 11. Bb2 Re8 12. Nh4 Bg4 13. Nhf3 e5 14. dxe5 Nxe5 15.
Rfe1 Qd7 16. e4 Nxf3+ 17. Bxf3 Bxf3 18. Qxf3 dxe4 19. Nxe4 Nxe4 20. Rxe4 Rxe4
21. Qxe4 Re8 22. Qd4 Qxd4 23. Bxd4 Rd8 24. Bc3 Rd3 25. Rc1 f5 26. Kf1 g5 27. Ke2
Rd7 28. Rd1 Rxd1 29. Kxd1 Kf7 30. Kc2 Ke6 31. Kd3 h5 32. a4 a6 33. Kc4 Be5 34.
Be1 f4 35. b5 axb5+ 36. axb5 Kf5 37. bxc6 bxc6 38. Kb4 Ke4 39. Ka5 Kd5 40. Kb6
f3 41. Bd2 Bd4 42. Be1 Bxc5+ 43. Kc7 Bd4 44. Kd7 c5 45. Ke7 Ke5 46. Kf7 Kf5 47.
h3 c4 48. Ke7 c3 49. Kd6 Bxf2 50. Bxc3 Bxg3+ 0-1

[Event "Open Portugal 2019"]
[Site "Lisboa POR"]
[Date "2019.02.02"]
[Round "1.87"]
[White "Poysti, Nathanael"]
[Black "Barros, Arlindo"]
[Result "1-0"]
[WhiteElo "2172"]
[BlackElo "1603"]
[WhiteFideId "24622133"]
[BlackFideId "23600640"]
[WhiteCountry "GER"]
[BlackCountry "CPV"]
[PlyCount "85"]
[EventDate "2019.02.02"]

1. e4 e5 2. Nf3 Nc6 3. Bc4 Bc5 4. c3 Nf6 5. d4 exd4 6. e5 d5 7. Bb5 Ne4 8. cxd4
Bb4+ 9. Bd2 Nxd2 10. Nfxd2 O-O 11. Bxc6 bxc6 12. O-O Bd7 13. a3 Ba5 14. Nb3 Bb6
15. Nc3 Qg5 16. Re1 Rfe8 17. Na4 Rab8 18. Qf3 Bf5 19. Rac1 Re6 20. h4 Qg6 21.
Nbc5 Re7 22. b3 Ba5 23. b4 Bb6 24. Nb3 Be4 25. Qg3 Qxg3 26. fxg3 Rxe5 27. Nxb6
Re6 28. Na4 a5 29. Nxa5 Rg6 30. Rc3 f5 31. Nc5 Re8 32. Nxe4 fxe4 33. Nxc6 e3 34.
Ne5 Rxg3 35. Rexe3 Rxe3 36. Rxe3 Rf8 37. a4 Rf4 38. Nc6 Rxh4 39. a5 Rh6 40. b5
Rf6 41. Re8+ Kf7 42. Re7+ Kg6 43. a6 1-0

[Event "Open Portugal 2019"]
[Site "Lisboa POR"]
[Date "2019.02.02"]
[Round "1.88"]
[White "Almeida, Rui Pedro"]
[Black "Sousa, Ludy"]
[Result "0-1"]
[WhiteElo "1583"]
[BlackElo "2169"]
[WhiteFideId "1949616"]
[BlackFideId "1504134"]
[BlackTitle "CM"]
[WhiteCountry "POR"]
[BlackCountry "NOR"]
[PlyCount "86"]
[EventDate "2019.02.02"]

1. e4 c5 2. Nf3 a6 3. d4 cxd4 4. Nxd4 e5 5. Nf3 Nf6 6. Nc3 Qc7 7. Bg5 Bb4 8. Bd2
d6 9. Bd3 h6 10. O-O Be6 11. Re1 Bc5 12. Be3 Nbd7 13. Bxc5 Nxc5 14. Rc1 b5 15.
a3 O-O 16. Qd2 Qc6 17. Rcd1 Rab8 18. Nd5 Nxd5 19. exd5 Bxd5 20. Bxb5 Rxb5 21.
Qxd5 Qxd5 22. Rxd5 Rxb2 23. Rxd6 f6 24. Rc1 Rc8 25. Nd2 Ra2 26. h3 Rxa3 27. Nc4
Rc3 28. Ne3 Ra3 29. Nc4 Ra2 30. Nb6 Rc7 31. Nd5 Rb7 32. Rc6 Ne4 33. f3 Ng3 34.
Kf2 Nf5 35. Nc3 Ra3 36. Ne2 Rd7 37. Rb6 Ra2 38. Ke1 Ne3 39. Kf2 Nxc2 40. Nc3
Rd2+ 41. Kg3 Ne3 42. Nxa2 Rxg2+ 43. Kh4 Nf5+ 0-1

[Event "Open Portugal 2019"]
[Site "Lisboa POR"]
[Date "2019.02.02"]
[Round "1.89"]
[White "Santos, António P"]
[Black "Cavadas, José"]
[Result "1-0"]
[WhiteElo "2162"]
[BlackElo "1580"]
[WhiteFideId "1900161"]
[BlackFideId "1904990"]
[WhiteTitle "FM"]
[WhiteCountry "POR"]
[BlackCountry "POR"]
[PlyCount "61"]
[EventDate "2019.02.02"]

1. d4 d5 2. Nf3 Nf6 3. c4 e6 4. g3 Nbd7 5. Bg2 Be7 6. O-O O-O 7. Nc3 b6 8. Ne5
Bb7 9. Qa4 Nxe5 10. dxe5 Nd7 11. cxd5 Nxe5 12. d6 Bxg2 13. dxe7 Qxe7 14. Kxg2
Nd7 15. Qc6 Ne5 16. Qb5 Ng6 17. Rd1 Rfd8 18. Be3 f5 19. Rxd8+ Rxd8 20. Rd1 Rxd1
21. Nxd1 e5 22. Nc3 f4 23. Bd2 h5 24. Qc6 Qg5 25. Qe6+ Kh7 26. Ne4 Qd8 27. h4
Qd4 28. Ng5+ Kh6 29. Qg8 Nxh4+ 30. gxh4 f3+ 31. exf3 1-0

[Event "Open Portugal 2019"]
[Site "Lisboa POR"]
[Date "2019.02.02"]
[Round "1.90"]
[White "Oliveira, Fernando Alves"]
[Black "Hill, Alistair"]
[Result "0-1"]
[WhiteElo "1575"]
[BlackElo "2152"]
[WhiteFideId "1947869"]
[BlackFideId "432407"]
[WhiteCountry "POR"]
[BlackCountry "ENG"]
[PlyCount "66"]
[EventDate "2019.02.02"]

1. Nf3 Nf6 2. g3 g6 3. Bg2 Bg7 4. O-O O-O 5. d3 d5 6. Re1 c5 7. Nbd2 Nc6 8. e4
e5 9. b3 Re8 10. Bb2 a6 11. exd5 Nxd5 12. Ne4 b6 13. Qc1 h6 14. Ned2 Ra7 15. Nc4
Rae7 16. Nfd2 b5 17. Ne3 Ncb4 18. Ndf1 Bb7 19. a3 Nxe3 20. Nxe3 Bxg2 21. axb4
Bb7 22. bxc5 Qc7 23. h4 Qxc5 24. Ng4 Qc6 25. Re4 f5 26. Nxh6+ Kh7 27. Nxf5 gxf5
28. Qg5 fxe4 29. Qf5+ Kg8 30. dxe4 Rf7 31. Qg4 Qxc2 32. Kf1 Qxe4 33. Qh3 Ref8
0-1

[Event "Open Portugal 2019"]
[Site "Lisboa POR"]
[Date "2019.02.02"]
[Round "1.91"]
[White "Reis, Luís Sousa"]
[Black "Dias, José"]
[Result "1-0"]
[WhiteElo "2146"]
[BlackElo "1560"]
[WhiteFideId "1900609"]
[BlackFideId "1923943"]
[WhiteTitle "NM"]
[WhiteCountry "POR"]
[BlackCountry "POR"]
[PlyCount "79"]
[EventDate "2019.02.02"]

1. e4 d5 2. exd5 Qxd5 3. Nc3 Qd6 4. Bc4 Nf6 5. Nf3 a6 6. Qe2 e6 7. d4 Be7 8. Bg5
O-O 9. O-O-O c6 10. Ne5 Nbd7 11. Bf4 Qb4 12. Nxf7 Nd5 13. Bd2 Qb6 14. Nd6 Rf6
15. Ne8 Qxd4 16. Bxd5 cxd5 17. Nc7 Rb8 18. N3xd5 Rxf2 19. Nxe7+ Kh8 20. Qxe6 Nf6
21. Nxc8 Qd8 22. Be3 Qxc7 23. Bxf2 Rxc8 24. Rd2 Re8 25. Bg3 Qa5 26. Qf7 Qg5 27.
Rf1 Rg8 28. Bf4 Qc5 29. Bd6 Qg5 30. Bf4 Qc5 31. Rfd1 Qf5 32. g3 h6 33. Rd8 Rxd8
34. Rxd8+ Kh7 35. Qxb7 Qa5 36. Rd6 Qe1+ 37. Rd1 Qe6 38. Qb3 Qc6 39. Qd3+ Kg8 40.
Qg6 1-0

[Event "Open Portugal 2019"]
[Site "Lisboa POR"]
[Date "2019.02.02"]
[Round "1.92"]
[White "Gaudin, Bruno"]
[Black "Pérez García, Roberto"]
[Result "0-1"]
[WhiteElo "1558"]
[BlackElo "2141"]
[WhiteFideId "647861"]
[BlackFideId "2217708"]
[WhiteCountry "FRA"]
[BlackCountry "ESP"]
[PlyCount "58"]
[EventDate "2019.02.02"]

1. e4 c5 2. c3 d5 3. exd5 Qxd5 4. Nf3 g6 5. Na3 Bg7 6. Bb5+ Bd7 7. O-O Bxb5 8.
Nxb5 Qd7 9. Qb3 a6 10. Na3 b5 11. d4 c4 12. Qd1 Nf6 13. Ne5 Qb7 14. Qf3 Qxf3 15.
Nxf3 Nc6 16. Nc2 O-O 17. a4 Nd5 18. Bd2 e5 19. dxe5 Nxe5 20. Nfd4 Nd3 21. axb5
axb5 22. Nxb5 Nxb2 23. Nca3 Rfb8 24. h3 h5 25. Rfc1 Na4 26. Kh2 Nc5 27. Nxc4
Rxa1 28. Rxa1 Rxb5 29. Nd6 Be5+ 0-1

[Event "Open Portugal 2019"]
[Site "Lisboa POR"]
[Date "2019.02.02"]
[Round "1.93"]
[White "Ferreira, Hugo"]
[Black "Lages, Duarte"]
[Result "1-0"]
[WhiteElo "2136"]
[BlackElo "1558"]
[WhiteFideId "1915940"]
[BlackFideId "2161680"]
[WhiteCountry "POR"]
[BlackCountry "POR"]
[PlyCount "67"]
[EventDate "2019.02.02"]

1. e4 c6 2. d4 d5 3. Nc3 dxe4 4. Nxe4 h6 5. Nf3 Bf5 6. Nc5 Qc7 7. Bc4 e6 8. Nd3
Nd7 9. O-O Bd6 10. Qe2 Bg4 11. h3 Bxf3 12. Qxf3 Ngf6 13. Re1 O-O 14. a4 c5 15.
dxc5 Nxc5 16. Nxc5 Bxc5 17. Bd3 Be7 18. Bf4 Qc8 19. Be5 b6 20. h4 Qc5 21. h5 Qd5
22. Qe2 Nd7 23. Bc3 Rac8 24. Rad1 Qg5 25. Qe4 g6 26. Qd4 Nf6 27. hxg6 fxg6 28.
Rxe6 Bc5 29. Qxf6 Rxf6 30. Rxf6 Kh7 31. Bxg6+ Kg8 32. Rd7 Bxf2+ 33. Kxf2 Rxc3
34. Bh7+ 1-0

[Event "Open Portugal 2019"]
[Site "Lisboa POR"]
[Date "2019.02.02"]
[Round "1.94"]
[White "Marques, Gilles"]
[Black "Lisowski, Krzysztof"]
[Result "0-1"]
[WhiteElo "1545"]
[BlackElo "2135"]
[WhiteFideId "665517"]
[BlackFideId "1110969"]
[WhiteCountry "FRA"]
[BlackCountry "POL"]
[PlyCount "60"]
[EventDate "2019.02.02"]

1. d4 Nf6 2. c4 e6 3. Nf3 d5 4. Bg5 Bb4+ 5. Nc3 dxc4 6. e4 b5 7. e5 h6 8. exf6
hxg5 9. fxg7 Rg8 10. Ne5 Bb7 11. Qh5 Qf6 12. h4 c5 13. hxg5 Qxg7 14. g6 fxg6 15.
Qg4 Bd5 16. O-O-O Bxc3 17. bxc3 Nd7 18. Nxd7 Qxd7 19. dxc5 O-O-O 20. Be2 Qc6 21.
Bf3 Rd7 22. Bxd5 exd5 23. Rh7 Rgd8 24. Rxd7 Rxd7 25. Re1 Qxc5 26. Re8+ Kc7 27.
Qf4+ Qd6 28. Qd4 Kb7 29. Kb2 a5 30. a3 b4 0-1

[Event "Open Portugal 2019"]
[Site "Lisboa POR"]
[Date "2019.02.02"]
[Round "1.95"]
[White "Eggert, Alberto"]
[Black "Amaral, Fernando"]
[Result "1-0"]
[WhiteElo "2132"]
[BlackElo "1528"]
[WhiteFideId "4139500"]
[BlackFideId "1931288"]
[WhiteCountry "RUS"]
[BlackCountry "POR"]
[PlyCount "39"]
[EventDate "2019.02.02"]

1. e4 c5 2. Nf3 e6 3. c3 Nf6 4. e5 Nd5 5. Bc4 Nb6 6. Bb3 Nc6 7. O-O d6 8. exd6
Bxd6 9. d4 O-O 10. dxc5 Bxc5 11. Qe2 Qc7 12. Nbd2 Bd6 13. Ne4 Bf4 14. Be3 Bxe3
15. fxe3 Ne5 16. Nfg5 h6 17. Qh5 Nbc4 18. Bxc4 Nxc4 19. Nf6+ Kh8 20. Nfh7 1-0

[Event "Open Portugal 2019"]
[Site "Lisboa POR"]
[Date "2019.02.02"]
[Round "1.96"]
[White "Antunes, André"]
[Black "Dias, Ricardo"]
[Result "0-1"]
[WhiteElo "1518"]
[BlackElo "2128"]
[WhiteFideId "1936328"]
[BlackFideId "1930060"]
[WhiteCountry "POR"]
[BlackCountry "POR"]
[PlyCount "64"]
[EventDate "2019.02.02"]

1. b3 e5 2. Bb2 Nc6 3. c4 Nf6 4. e3 d5 5. cxd5 Nxd5 6. a3 Bd6 7. d3 O-O 8. Nf3
Qe7 9. Be2 a5 10. O-O f5 11. Re1 Nf6 12. Qc2 Bd7 13. Nbd2 Rae8 14. Nc4 e4 15.
Nxd6 cxd6 16. Nd4 Ne5 17. Qd2 Qf7 18. Rac1 b6 19. b4 axb4 20. axb4 Qg6 21. Qd1
f4 22. dxe4 fxe3 23. Qb3+ d5 24. Qxe3 Nxe4 25. Nf3 Ng4 26. Qd4 Ngxf2 27. Rf1
Nh3+ 28. Kh1 Nf4 29. Nh4 Qg5 30. Ba6 Ne6 31. Rxf8+ Rxf8 32. Nf3 Rxf3 0-1

[Event "Open Portugal 2019"]
[Site "Lisboa POR"]
[Date "2019.02.02"]
[Round "1.98"]
[White "Funk, Matthias"]
[Black "Thompson, Ian D"]
[Result "0-1"]
[WhiteElo "1492"]
[BlackElo "2122"]
[WhiteFideId "1901990"]
[BlackFideId "405205"]
[BlackTitle "FM"]
[WhiteCountry "POR"]
[BlackCountry "ENG"]
[PlyCount "56"]
[EventDate "2019.02.02"]

1. c4 e6 2. d4 d5 3. Nc3 c6 4. a3 Nf6 5. c5 Nbd7 6. Bg5 e5 7. e3 Be7 8. Be2 O-O
9. Nf3 e4 10. Nd2 Ne8 11. Bxe7 Qxe7 12. Nf1 f5 13. Qd2 Nc7 14. f4 exf3 15. Bxf3
Nf6 16. O-O-O b6 17. b4 Be6 18. Re1 Rfb8 19. Be2 a5 20. Bd3 axb4 21. axb4 Ne4
22. Nxe4 dxe4 23. Bb1 bxc5 24. bxc5 Ra1 25. Kc2 Ba2 26. Ng3 Nd5 27. Nxf5 Qa7 28.
Qf2 Qa4+ 0-1

[Event "Open Portugal 2019"]
[Site "Lisboa POR"]
[Date "2019.02.02"]
[Round "1.99"]
[White "Maloberti, David"]
[Black "Dong, Fábio"]
[Result "1-0"]
[WhiteElo "2121"]
[BlackElo "1491"]
[WhiteFideId "620149"]
[BlackFideId "1958020"]
[WhiteCountry "FRA"]
[BlackCountry "POR"]
[PlyCount "81"]
[EventDate "2019.02.02"]

1. d4 Nf6 2. c4 g6 3. Nc3 d5 4. Bf4 c6 5. e3 Bg7 6. h4 Bf5 7. Qb3 b6 8. cxd5
cxd5 9. Bb5+ Kf8 10. Nf3 a6 11. Bxb8 axb5 12. Be5 b4 13. Qxb4 Ne4 14. O-O Nxc3
15. bxc3 Bxe5 16. Nxe5 Qc7 17. Rfc1 Kg7 18. c4 Rac8 19. Qb2 Qd6 20. cxd5 Qxd5
21. Rxc8 Rxc8 22. Qxb6 Rc2 23. Qb3 Qxb3 24. axb3 Rb2 25. Ra7 Rxb3 26. Rxe7 Be6
27. Kh2 Rb2 28. Kg3 Kf6 29. Ra7 Rd2 30. Nd7+ Kg7 31. Nc5 Bd5 32. e4 Bc4 33. d5
Rc2 34. Ne6+ Kf6 35. Ng5 Rc3+ 36. Kf4 Kg7 37. Rxf7+ Kg8 38. Rc7 Rc2 39. f3 Bb3
40. Rxc2 Bxc2 41. e5 1-0

[Event "Open Portugal 2019"]
[Site "Lisboa POR"]
[Date "2019.02.02"]
[Round "1.100"]
[White "Correia, Pedro Mourão"]
[Black "Terryn, Ezra"]
[Result "0-1"]
[WhiteElo "1480"]
[BlackElo "2116"]
[WhiteFideId "1959522"]
[BlackFideId "233196"]
[WhiteCountry "POR"]
[BlackCountry "BEL"]
[PlyCount "96"]
[EventDate "2019.02.02"]

1. e4 c5 2. Nf3 e6 3. Nc3 Nc6 4. d4 cxd4 5. Nxd4 Qc7 6. Be2 a6 7. O-O Nf6 8. Be3
Bb4 9. Bf3 Ne5 10. Bd2 Qc4 11. Nb3 O-O 12. Be2 Qc6 13. Nd5 Nxd5 14. exd5 Qb6 15.
Be3 Qc7 16. c3 Be7 17. dxe6 dxe6 18. Qd4 Nd7 19. Rad1 Rd8 20. Qg4 Nf6 21. Rxd8+
Bxd8 22. Qd4 Nd5 23. Rd1 Bd7 24. Qc5 Bc6 25. Qd4 Bf6 26. Qg4 Nxe3 27. fxe3 Qb6
28. Qg3 a5 29. Rf1 Kh8 30. Bd3 Bb5 31. c4 Rd8 32. c5 Qa6 33. Bxb5 Qxb5 34. h3 a4
35. Nd4 Qxc5 36. Rxf6 gxf6 37. Qf3 Qe5 38. g3 Rxd4 39. exd4 Qxd4+ 40. Kf1 Qxb2
41. Qd3 Qa1+ 42. Kg2 Qxa2+ 43. Kf1 Qb3 44. Qd4 e5 45. Qh4 Qd1+ 46. Kg2 Kg7 47.
Qc4 Qd4 48. Qe2 a3 0-1

[Event "Open Portugal 2019"]
[Site "Lisboa POR"]
[Date "2019.02.02"]
[Round "1.101"]
[White "Pires, Emanuel"]
[Black "Florissi, Aldo"]
[Result "1-0"]
[WhiteElo "2115"]
[BlackElo "1468"]
[WhiteFideId "1914715"]
[BlackFideId "28513428"]
[WhiteCountry "POR"]
[BlackCountry "ITA"]
[PlyCount "53"]
[EventDate "2019.02.02"]

1. e4 d5 2. exd5 Qxd5 3. Nc3 Qa5 4. d4 c6 5. h3 Bf5 6. Nf3 e6 7. Bd3 Bg6 8. O-O
Nd7 9. Re1 Ngf6 10. Ne5 Bxd3 11. Qxd3 Bd6 12. Bf4 Bb4 13. Nc4 Qh5 14. Bd6 c5 15.
Nb5 Bxe1 16. Nc7+ Kd8 17. Nxa8 Bxf2+ 18. Kxf2 Nd5 19. dxc5 N7f6 20. c6 Qh4+ 21.
Kg1 bxc6 22. Ne5 Ne4 23. Nxf7+ Kd7 24. Nxh8 Nxd6 25. Rd1 Ne4 26. Qd4 c5 27.
Qxg7+ 1-0

[Event "Open Portugal 2019"]
[Site "Lisboa POR"]
[Date "2019.02.02"]
[Round "1.102"]
[White "Voges, Guilherme"]
[Black "Pirola, Claudionor"]
[Result "0-1"]
[WhiteElo "1455"]
[BlackElo "2113"]
[WhiteFideId "1947680"]
[BlackFideId "2130556"]
[WhiteCountry "POR"]
[BlackCountry "BRA"]
[PlyCount "60"]
[EventDate "2019.02.02"]

1. e4 e5 2. Nf3 Nc6 3. c3 d5 4. Qa4 f6 5. Bb5 Nge7 6. O-O dxe4 7. Qxe4 Bf5 8.
Qe2 a6 9. Bxc6+ Nxc6 10. d4 Qd7 11. Re1 O-O-O 12. Be3 e4 13. Nh4 Bg4 14. f3 Bh5
15. g3 g5 16. Ng2 exf3 17. Qf2 fxg2 18. Kxg2 Bg7 19. Nd2 Bg6 20. b4 h5 21. a4 h4
22. b5 axb5 23. axb5 Qd5+ 24. Kg1 Qxb5 25. Qe2 hxg3 26. d5 gxh2+ 27. Kh1 Qxd5+
28. Nf3 Ne5 29. Rf1 Nxf3 30. c4 Ng1+ 0-1

[Event "Open Portugal 2019"]
[Site "Lisboa POR"]
[Date "2019.02.02"]
[Round "1.103"]
[White "Fröwis, Annika"]
[Black "Palhas, Miguel Brando"]
[Result "1-0"]
[WhiteElo "2104"]
[BlackElo "1416"]
[WhiteFideId "1621432"]
[BlackFideId "1961349"]
[WhiteTitle "WFM"]
[WhiteCountry "AUT"]
[BlackCountry "POR"]
[PlyCount "83"]
[EventDate "2019.02.02"]

1. e4 e5 2. Nf3 Nc6 3. d4 exd4 4. Nxd4 Qf6 5. Nb3 Nge7 6. Nc3 a6 7. Be2 d6 8.
Be3 g6 9. Nd5 Nxd5 10. exd5 Ne5 11. f4 Ng4 12. Bd4 Qxf4 13. g3 Qe4 14. O-O Bh6
15. Bxg4 Bxg4 16. Re1 Be3+ 17. Rxe3 Qxe3+ 18. Bxe3 Bxd1 19. Rxd1 O-O 20. Kf2
Rfe8 21. Rd4 Re7 22. Na5 Rae8 23. Rd3 b6 24. Nc6 Re4 25. Kf3 h5 26. b3 f6 27.
Nd4 Kf7 28. Rc3 R8e7 29. Nc6 Re8 30. Nd8+ Kg8 31. Ne6 R4xe6 32. dxe6 c5 33. Rd3
Rxe6 34. Bf4 Kf7 35. Rxd6 g5 36. Rxe6 Kxe6 37. Bc7 b5 38. c4 Kf5 39. Bd6 g4+ 40.
Ke3 Kg5 41. Bxc5 h4 42. Bd6 1-0

[Event "Open Portugal 2019"]
[Site "Lisboa POR"]
[Date "2019.02.02"]
[Round "1.104"]
[White "Machado, Carlos Augusto"]
[Black "Bertola, Georges"]
[Result "0-1"]
[WhiteElo "1412"]
[BlackElo "2101"]
[WhiteFideId "1961039"]
[BlackFideId "1307967"]
[WhiteCountry "POR"]
[BlackCountry "SUI"]
[PlyCount "46"]
[EventDate "2019.02.02"]

1. d4 Nf6 2. Nf3 g6 3. g3 Bg7 4. Bg2 O-O 5. O-O d5 6. Re1 c6 7. Nbd2 Nbd7 8. c4
e6 9. b3 b6 10. Bb2 Bb7 11. h3 Re8 12. Rc1 Rc8 13. e4 dxe4 14. Nxe4 Nxe4 15.
Rxe4 c5 16. Re2 cxd4 17. Bxd4 e5 18. Be3 Qe7 19. Rd2 Red8 20. h4 Nf8 21. Bh3
Rxd2 22. Bxd2 Rd8 23. Qe2 Bxf3 0-1

[Event "Open Portugal 2019"]
[Site "Lisboa POR"]
[Date "2019.02.02"]
[Round "1.105"]
[White "Jazdanovs, Aleksandrs"]
[Black "Yushko, Igor"]
[Result "1-0"]
[WhiteElo "2100"]
[BlackElo "1389"]
[WhiteFideId "11604492"]
[BlackFideId "14156270"]
[WhiteCountry "LAT"]
[BlackCountry "UKR"]
[PlyCount "59"]
[EventDate "2019.02.02"]

1. e4 e5 2. Nf3 Nc6 3. Bb5 Nf6 4. d3 d6 5. c4 a6 6. Ba4 Be7 7. O-O O-O 8. h3 h6
9. Nc3 Be6 10. Re1 Nh7 11. Nd5 f5 12. exf5 Bxf5 13. Nxe7+ Nxe7 14. d4 exd4 15.
Nxd4 Bd7 16. Ne6 Bxe6 17. Rxe6 Nf5 18. Qg4 Rf6 19. Re8+ Qxe8 20. Bxe8 Rxe8 21.
Bd2 Ref8 22. Re1 g5 23. f4 Rg6 24. Qh5 Nh4 25. fxg5 hxg5 26. Re7 Nf6 27. Qe2 Rf7
28. Qe6 Rgg7 29. Rxf7 Rxf7 30. Bxg5 1-0

[Event "Open Portugal 2019"]
[Site "Lisboa POR"]
[Date "2019.02.02"]
[Round "1.106"]
[White "Alonso Rodríguez, Tristán"]
[Black "Sousa, Hugo C"]
[Result "0-1"]
[WhiteElo "1370"]
[BlackElo "2097"]
[WhiteFideId "24594520"]
[BlackFideId "1930842"]
[WhiteCountry "ESP"]
[BlackCountry "POR"]
[PlyCount "36"]
[EventDate "2019.02.02"]

1. e4 e6 2. d4 d5 3. e5 c5 4. c3 Nc6 5. Nf3 Bd7 6. Be2 Nge7 7. O-O cxd4 8. cxd4
Nf5 9. b3 Qb6 10. Bb2 Be7 11. h3 h6 12. Re1 Rc8 13. g4 Nh4 14. Nxh4 Bxh4 15. Na3
Nxe5 16. dxe5 Qxf2+ 17. Kh1 Bg3 18. Qd4 Qh2# 0-1

[Event "Open Portugal 2019"]
[Site "Lisboa POR"]
[Date "2019.02.02"]
[Round "1.107"]
[White "Saltvedt, Martin"]
[Black "Dong, Rafael"]
[Result "1-0"]
[WhiteElo "2095"]
[BlackElo "1363"]
[WhiteFideId "1518500"]
[BlackFideId "1958038"]
[WhiteCountry "NOR"]
[BlackCountry "POR"]
[PlyCount "101"]
[EventDate "2019.02.02"]

1. d4 Nf6 2. Bf4 g6 3. c3 Bg7 4. Nd2 d5 5. e3 O-O 6. Bd3 Nbd7 7. Ngf3 c5 8. Qe2
c4 9. Bc2 Nh5 10. Bg3 Nxg3 11. hxg3 f5 12. Ng5 Nf6 13. f4 h6 14. Ngf3 Ne4 15.
Rh3 Bd7 16. Ne5 Bxe5 17. dxe5 Kg7 18. Nf3 e6 19. Nd4 Rh8 20. g4 Kf7 21. O-O-O b5
22. Bxe4 fxe4 23. Rdh1 Qf8 24. g5 b4 25. Rxh6 Rxh6 26. Rxh6 bxc3 27. Rh7+ Ke8
28. bxc3 Rb8 29. Nc2 Ba4 30. Rxa7 Bxc2 31. Qxc2 Qc5 32. Qa4+ Kf8 33. Qa3 Qxa3+
34. Rxa3 Kg7 35. Ra7+ Kg8 36. a4 Rb3 37. Kc2 Ra3 38. a5 Ra2+ 39. Kb1 Rxg2 40. a6
Rg1+ 41. Kb2 Rg2+ 42. Ka3 Rg1 43. Ra8+ Kf7 44. a7 Kg7 45. Kb4 Ra1 46. Kc5 Ra3
47. Re8 Rxa7 48. Rxe6 Kf7 49. Rf6+ Kg7 50. Kxd5 Rd7+ 51. Rd6 1-0

[Event "Open Portugal 2019"]
[Site "Lisboa POR"]
[Date "2019.02.02"]
[Round "1.108"]
[White "Martins, Domingos"]
[Black "Hodovský, Jiri"]
[Result "0-1"]
[WhiteElo "1360"]
[BlackElo "2094"]
[WhiteFideId "1947389"]
[BlackFideId "317250"]
[WhiteCountry "POR"]
[BlackCountry "CZE"]
[PlyCount "68"]
[EventDate "2019.02.02"]

1. d4 Nf6 2. Nf3 g6 3. Bf4 Bg7 4. e3 O-O 5. Be2 d5 6. O-O c5 7. c3 Qb6 8. Qc1
Nc6 9. Ne5 Be6 10. h3 Rac8 11. Nd2 cxd4 12. Nxc6 Rxc6 13. exd4 Nd7 14. Nf3 f6
15. Bh6 Bxh6 16. Qxh6 Qxb2 17. Nh4 Qxe2 18. Rfe1 Qh5 19. Qxh5 gxh5 20. Kh2 Kf7
21. Re3 Nb6 22. f4 Nc4 23. Rf3 Nd2 24. Rd3 Ne4 25. f5 Bd7 26. Rc1 Rfc8 27. g4
hxg4 28. hxg4 Rxc3 29. Rcd1 Rc2+ 30. Ng2 Nf2 31. Ne1 Nxd3+ 32. Nxc2 Rxc2+ 33.
Kg3 Rc3 34. Rxd3 Rxd3+ 0-1

[Event "Open Portugal 2019"]
[Site "Lisboa POR"]
[Date "2019.02.02"]
[Round "1.109"]
[White "Aflalo, Sophie"]
[Black "Paragliola, Gennaro"]
[Result "1-0"]
[WhiteElo "2091"]
[BlackElo "1350"]
[WhiteFideId "656887"]
[BlackFideId "804207"]
[WhiteCountry "FRA"]
[BlackCountry "ITA"]
[PlyCount "53"]
[EventDate "2019.02.02"]

1. Nf3 Nf6 2. c4 d6 3. g3 e5 4. Bg2 Nc6 5. d3 g6 6. Nc3 Bg7 7. Rb1 O-O 8. h4 a6
9. O-O Be6 10. Ne1 Qd7 11. Nd5 Bh3 12. Bxh3 Qxh3 13. f3 Nxd5 14. cxd5 Ne7 15. e4
Qd7 16. Be3 f5 17. Qd2 Rf7 18. f4 Re8 19. Nf3 h6 20. fxe5 Bxe5 21. Bxh6 fxe4 22.
Nxe5 dxe5 23. Rxf7 Kxf7 24. Rf1+ Kg8 25. Qg5 Qxd5 26. Qf6 Nf5 27. Qxg6+ 1-0

[Event "Open Portugal 2019"]
[Site "Lisboa POR"]
[Date "2019.02.02"]
[Round "1.110"]
[White "Fonseca, René Gil"]
[Black "Barbier, Wim"]
[Result "0-1"]
[WhiteElo "1343"]
[BlackElo "2086"]
[WhiteFideId "1957767"]
[BlackFideId "202100"]
[WhiteCountry "POR"]
[BlackCountry "BEL"]
[PlyCount "54"]
[EventDate "2019.02.02"]

1. e4 d6 2. d4 Nf6 3. Nc3 e5 4. dxe5 dxe5 5. Qxd8+ Kxd8 6. Bg5 c6 7. O-O-O+ Ke8
8. Nf3 Nbd7 9. h3 Bb4 10. Re1 h6 11. Bd2 a5 12. a3 Bc5 13. Be3 Bd6 14. Rd1 Ke7
15. Bc4 Bc7 16. Rd2 b5 17. Ba2 b4 18. Na4 Nxe4 19. Rd3 Ba6 20. Rdd1 Bb5 21. Bxf7
Bxa4 22. Bg6 Nd6 23. Rd2 bxa3 24. bxa3 Nc4 25. Re2 Rab8 26. c3 Bd6 27. Rhe1
Bxa3+ 0-1

[Event "Open Portugal 2019"]
[Site "Lisboa POR"]
[Date "2019.02.02"]
[Round "1.111"]
[White "Leão, Tiago"]
[Black "McDonald, Margaret"]
[Result "1-0"]
[WhiteElo "2084"]
[BlackElo "1298"]
[WhiteFideId "1925563"]
[BlackFideId "420417"]
[WhiteCountry "POR"]
[BlackCountry "FRA"]
[PlyCount "95"]
[EventDate "2019.02.02"]

1. d4 d5 2. Nf3 Nf6 3. Bf4 e6 4. e3 c5 5. c3 Nbd7 6. Nbd2 b6 7. Bd3 Bb7 8. Ne5
a6 9. g4 Be7 10. g5 Ne4 11. Bxe4 dxe4 12. Ndc4 Nxe5 13. Nxe5 O-O 14. Rg1 f6 15.
gxf6 Bxf6 16. Qh5 Qe8 17. Qxe8 Rfxe8 18. Nd7 Be7 19. Be5 g6 20. Nxb6 Rad8 21.
Bc7 cxd4 22. exd4 e3 23. fxe3 Bh4+ 24. Ke2 Rf8 25. Bxd8 Rf2+ 26. Kd3 Bxd8 27.
Nd7 Rxh2 28. Nc5 Bf3 29. Nxe6 Be2+ 30. Ke4 Rh4+ 31. Kd5 Be7 32. Rh1 Rg4 33. Rag1
h5 34. Rxg4 Bxg4 35. Rg1 Kf7 36. Rxg4 hxg4 37. Nf4 g5 38. Ng2 Kg6 39. Ke6 Bf6
40. e4 g3 41. e5 Bd8 42. c4 Kh5 43. Kf5 Bb6 44. c5 Bc7 45. e6 Bd8 46. d5 Be7 47.
d6 Bf6 48. e7 1-0